000 00700cam a22001934a 4500
005 20250605164020.0
008 250528s ||||||||||||||||||||||||d
035 _a16318
020 _a521447704
040 _aGR-AtMCL
_bgre
_dGR-AtMCL
_eAACR2
245 1 _aThe Printing Revolution in Early Modern Europe
260 _bCambridge University Press,
_c1983
300 _a306
520 _aThis book is designed to give a stimulating survey of the communications revolution of the fifteenth century. Preface. The Emergence of Print Culture in the West, Interaction with Other Developments, Index.
700 1 _aEisenstein Elisabeth L
_92398
942 _cBK
999 _c1830
_d1830